| 000 | 00499nam a2200193Ia 4500 | ||
|---|---|---|---|
| 003 | OSt | ||
| 005 | 20250215121127.0 | ||
| 008 | 210210b1990 xxu||||| |||| 00| 0 eng d | ||
| 040 | _cAL | ||
| 041 | _ahin | ||
| 082 | _a861/193 | ||
| 100 |
_aTRIPATI (Ram Naresh) _9200039 |
||
| 110 |
_bत्रिपाठी राम नरेश _9200040 |
||
| 245 |
_aSvapna: _bस्वपना |
||
| 260 |
_aIllahabad _b- _c1990 |
||
| 690 |
_aHindi Poetry _9200041 |
||
| 906 | _a023213 | ||
| 942 |
_2ddc _cBK |
||
| 999 |
_c148143 _d148143 |
||